Analyse Économique et Gestion de l'Entreprise

Guardado en:
Detalles Bibliográficos
Autor principal: Roux, Dominique
Formato: Libro
Lenguaje:francés
Publicado: Paris Dunod 1986
Edición:1. éd.
Etiquetas: Agregar Etiqueta
Sin Etiquetas, Sea el primero en etiquetar este registro!

MARC

LEADER 00000nam a2200000 4500
001 c021951
005 20221220070956.2
041 0 |a fre 
044 |a FR 
245 1 0 |a Analyse Économique et Gestion de l'Entreprise  |c Dominique Roux 
250 |a 1. éd. 
264 1 |a Paris  |b Dunod  |c 1986 
300 |a 258 s. 
100 1 |a Roux, Dominique